Artzaj, Karapagh: la compleja trama caucásica
Saved in:
| Hovedforfatter: | |
|---|---|
| Format: | Bog |
| Sprog: | spansk |
| Udgivet: |
Buenos Aires
Profika
2001
|
| Udgivelse: | 1a. ed |
| Fag: | |
| Tags: |
Tilføj Tag
Ingen Tags, Vær først til at tagge denne postø!
|
MARC
| LEADER | 00000nam a2200000 a 4500 | ||
|---|---|---|---|
| 001 | UCJ9284 | ||
| 003 | CL-VaPUC | ||
| 008 | 070309e20010000AG |||||||||||||||||spa|d | ||
| 020 | |a 9874331259 | ||
| 082 | 0 | 4 | |a 320 |b DER |2 21 |
| 100 | 0 | |a Derebian, Carlos |e author |9 519255 | |
| 245 | 1 | 0 | |a Artzaj, Karapagh: la compleja trama caucásica |
| 250 | |a 1a. ed | ||
| 300 | |a 206 p | ||
| 942 | |c BK | ||
| 945 | |d 20070309 00:00:00 |a lvergara | ||
| 260 | |a Buenos Aires |b Profika |c 2001 | ||
| 650 | 0 | |a Ciencia política |9 324218 | |
| 650 | 0 | |a Historia política |9 256974 | |
| 650 | 0 | |a Historia de Rusia |9 343091 | |
| 651 | 0 | |a Unión Soviética |9 256769 | |
| 651 | 0 | |a Rusia |9 256106 | |
| 651 | 7 | |a NAGORNO |2 CL-VaPUC |9 519256 | |
| 651 | 7 | |a KARABAKH |2 CL-VaPUC |9 519257 | |
| 651 | 7 | |a AZERBAYAN |2 CL-VaPUC |9 519258 | |
| 651 | 7 | |a ARMENIA |2 CL-VaPUC |9 519259 | |
| 583 | |a last modification |c 20070309 00:00:00 |k Rodrigo Vera | ||
| 999 | |c 324862 |d 324860 | ||
| 952 | |0 0 |1 0 |4 0 |6 320_000000000000000_DER_2001 |7 0 |8 A |9 405238 |a BIBHIS |b BIBHIS |d 2019-11-22 |i 4239393 |o 320 DER 2001 |p 4239393 |r 2025-01-20 |w 2019-11-22 |y BK |k HIS | ||